Ley de Contratos de las Administraciones Públicas : Ley 13/1995, de 18 de mayo, Boletín Oficial del Estado de 19 de mayo de 1995, núm. 119 Ley 13/1995, de 18 de mayo, Boletín Oficial del Estado de 19 de mayo de 1995, núm. 119
Descripción Física:
183 p. ; 17 cm
Colección:
Comissió de Cultura ; 52
Otros Autores:
Col·legi d'Advocats de Barcelona
MARC
| LEADER | 00000nam a2200000Ia 4500 | ||
|---|---|---|---|
| 001 | 20504 | ||
| 008 | 160829s1995 xx 000 0 cat d | ||
| 080 | |a D-4-10 | ||
| 100 | |a Espanya. Ley de contratos de las administracions públicas (1995) |9 45759 | ||
| 245 | |a Ley de Contratos de las Administraciones Públicas : |b Ley 13/1995, de 18 de mayo, Boletín Oficial del Estado de 19 de mayo de 1995, núm. 119 | ||
| 260 | |a Barcelona : |b Il·lustre Col·legi d'Advocats de Barcelona, |c 1995 | ||
| 300 | |a 183 p. ; |c 17 cm | ||
| 490 | |a Comissió de Cultura ; 52 | ||
| 650 | 0 | |a Contractes administratius |x Dret i legislació |x Espanya |9 45760 | |
| 700 | |a Col·legi d'Advocats de Barcelona |9 11623 | ||
| 901 | |a Arxiu | ||
| 942 | |n 1 | ||
| 952 | |0 1 |1 0 |2 udc |4 0 |5 2 |6 D410 |7 1 |9 52795 |a Arxiu |b Arxiu |d 2016-12-01 |l 0 |o D-4-10 |p 20504 |r 2016-12-01 00:00:00 |w 2016-12-01 |y ARXIU | ||
| 999 | |c 56644 |d 56644 | ||